Pleomorfismo y esterilidad ovárica del olivo / por Francisco J. Riera...
Descripción Física:
p. 75 a 96 : il. ; 24 cm
Materias:
Oliveres
MARC
| LEADER | 00000nam a2200000Ia 4500 | ||
|---|---|---|---|
| 001 | 8875 | ||
| 008 | 160829s1941 xx 000 0 cat d | ||
| 080 | |a FU-9-39 | ||
| 100 | |a Riera, Francesc Xavier |9 27561 | ||
| 245 | |a Pleomorfismo y esterilidad ovárica del olivo / por Francisco J. Riera... | ||
| 260 | |a Barcelona : |b [Escuela de Peritos Agrícolas y Superior de Agricultura], |c 1941 | ||
| 300 | |a p. 75 a 96 : |b il. ; |c 24 cm | ||
| 590 | |a Separata de: Anales de la Escuela de Peritos Agrícolas y Superior de Agricultura ; vol. 1, fasc. 1-2 | ||
| 650 | |a Oliveres |9 20901 | ||
| 710 | 2 | |a Escuela de Peritos Agrícolas y Superior de Agricultura |9 54569 | |
| 856 | 4 | |u https://media.diba.cat/diba/fitxers/arxiu/fulletons/bib_8875_baixa.pdf |y Accés lliure | |
| 856 | 4 | |u https://media.diba.cat/diba/fitxers/arxiu/fulletons/bib_8875_baixa.pdf |y Accés lliure | |
| 901 | |a Arxiu | ||
| 942 | |n 1 |2 udc | ||
| 952 | |0 0 |1 0 |4 0 |6 FU939 |7 1 |9 41736 |a Arxiu |b Arxiu |d 2016-12-01 |l 0 |o FU-9-39 |p 8875 |r 2016-12-01 00:00:00 |w 2016-12-01 |y ARXIU | ||
| 999 | |c 43626 |d 43626 | ||
| 900 | |a bib_8875_baixa.pdf | ||